[Event "Frankfurt Ch 2014"]
[Site "Ffm-Höchst, BiKuZ"]
[Date "2014.06.02"]
[Round "6.2"]
[White "Heinatz, Thomas"]
[Black "Reschke, Stefan"]
[Result "1-0"]
[WhiteElo "2309"]
[BlackElo "2319"]
[PlyCount "89"]
[EventDate "2014.??.??"]
[WhiteTeam "Sfr. Schöneck"]
[BlackTeam "SV Oberursel"]

1. e4 g6 2. d4 Bg7 3. Nc3 c6 4. Nf3 d6 5. Be3 Nf6 6. Qd2 Qa5 7. Bd3 Ng4 8. Bg5
e5 9. dxe5 dxe5 10. h3 Nf6 11. O-O Nbd7 12. Rab1 Qc7 13. b4 O-O 14. Ne2 a5 15.
a3 b6 16. Ng3 axb4 17. axb4 Re8 18. Nh2 Nf8 19. f4 h6 20. fxe5 hxg5 21. exf6
Qxg3 22. fxg7 Kxg7 23. Qc3+ Qe5 24. Qxc6 Qd4+ 25. Kh1 Be6 26. Nf3 Qd8 27. Qc3+
Kg8 28. Bb5 Qc8 29. Qd2 Rd8 30. Bd3 g4 31. hxg4 Bxg4 32. Ne5 Be6 33. Qf4 Ra7
34. Nf3 Qc3 35. e5 Bd5 36. Ng5 Re8 37. Rbe1 Rae7 38. Nf3 Bxf3 39. Qxf3 Qxb4 40.
Re4 Qc3 41. Qf4 Rc7 42. Rf3 Ne6 43. Qh6 Ng7 44. Rh3 Nh5 45. Rxh5 1-0

[Event "Frankfurt Ch 2014"]
[Site "Ffm-Höchst, BiKuZ"]
[Date "2014.06.02"]
[Round "6.3"]
[White "Geske, Julian"]
[Black "Nimsch, Helmut"]
[Result "1-0"]
[WhiteElo "2347"]
[BlackElo "2016"]
[PlyCount "47"]
[EventDate "2014.??.??"]
[WhiteTeam "Wiesbadener SV 1885"]
[BlackTeam "SC Brett vorm Kopp Ffm"]

1. c4 c5 2. g3 g6 3. Bg2 Bg7 4. Nc3 Nc6 5. Nf3 Nf6 6. O-O O-O 7. d4 cxd4 8.
Nxd4 e6 9. Ndb5 a6 10. Nd6 Ne8 11. Bf4 g5 12. Nxe8 Rxe8 13. Bd6 b6 14. Qd2 Ra7
15. Ne4 Nd4 16. Ba3 d5 17. Nd6 dxc4 18. Nxe8 Qxe8 19. e3 Nb5 20. Rad1 Bf6 21.
Bd6 Bb7 22. e4 Qc6 23. Be5 Be7 24. Qd8+ 1-0

[Event "Frankfurt Ch 2014"]
[Site "Ffm-Höchst, BiKuZ"]
[Date "2014.06.02"]
[Round "6.4"]
[White "Reschke, Thomas"]
[Black "Minor, Samuel"]
[Result "1/2-1/2"]
[WhiteElo "2090"]
[BlackElo "2186"]
[PlyCount "75"]
[EventDate "2014.??.??"]
[WhiteTeam "SC Frankfurt-West"]
[BlackTeam "Wiesbadener SV 1885"]

1. c4 e5 2. g3 Nc6 3. Bg2 Bc5 4. Nc3 a6 5. e3 Nf6 6. Nge2 O-O 7. O-O d6 8. d4
exd4 9. exd4 Ba7 10. h3 Re8 11. Be3 Bf5 12. g4 Bd7 13. Ng3 Kh8 14. d5 Ne5 15.
Bxa7 Rxa7 16. Qd4 Ra8 17. g5 Ng8 18. f4 Ng6 19. Nh5 f6 20. Ne4 Rf8 21. Rae1 Nh4
22. Rf2 Bf5 23. Neg3 g6 24. Be4 Bd7 25. Nxf6 Nxf6 26. f5 gxf5 27. Bxf5 Bxf5 28.
Nxf5 Ng6 29. Nh6 Ne5 30. Ref1 Qd7 31. Rxf6 Rxf6 32. Rxf6 Qxh3 33. Qf4 Ng6 34.
Rxg6 hxg6 35. Qf6+ Kh7 36. Qf7+ Kh8 37. Qf6+ Kh7 38. Qf7+ 1/2-1/2

[Event "Frankfurt Ch 2014"]
[Site "Ffm-Höchst, BiKuZ"]
[Date "2014.06.02"]
[Round "6.5"]
[White "Koch, Markus"]
[Black "Stockmann, Michael"]
[Result "0-1"]
[WhiteElo "2070"]
[BlackElo "2181"]
[PlyCount "66"]
[EventDate "2014.??.??"]
[WhiteTeam "SC Brett vorm Kopp Ffm"]
[BlackTeam "Sfr. Schöneck"]

1. d4 d5 2. c4 c6 3. Nf3 Nf6 4. Nc3 e6 5. e3 Nbd7 6. Bd3 dxc4 7. Bxc4 b5 8. Be2
Bb7 9. O-O a6 10. Qc2 c5 11. dxc5 Bxc5 12. Rd1 Rc8 13. Ne5 O-O 14. Nxd7 Nxd7
15. Qd2 Nb6 16. Qxd8 Rfxd8 17. Rxd8+ Rxd8 18. a3 f5 19. Kf1 Bd6 20. g3 Be5 21.
Ke1 Rc8 22. Nd1 Na4 23. f3 Rc2 24. Rb1 Bd5 25. b3 Bxb3 26. Rxb3 Rxc1 27. Kd2
Rc6 28. f4 Nc5 29. Rb1 Ne4+ 30. Ke1 Bc3+ 31. Nxc3 Rxc3 32. a4 Rxe3 33. axb5
axb5 0-1

[Event "Frankfurt Ch 2014"]
[Site "Ffm-Höchst, BiKuZ"]
[Date "2014.06.02"]
[Round "6.6"]
[White "Legde, Georg"]
[Black "Mager, Denis"]
[Result "1/2-1/2"]
[WhiteElo "2292"]
[BlackElo "2133"]
[PlyCount "61"]
[EventDate "2014.??.??"]
[WhiteTeam "SK 1858 Gießen"]
[BlackTeam "SAbt TuS Makkabi Ffm"]

1. Nf3 Nf6 2. c4 c6 3. d4 d5 4. Nc3 dxc4 5. a4 e6 6. e3 c5 7. Bxc4 Nc6 8. O-O
cxd4 9. exd4 Be7 10. Re1 O-O 11. Bg5 Nd5 12. Bxd5 exd5 13. Bxe7 Nxe7 14. Qb3
Rb8 15. Rad1 Bg4 16. Rd3 Bxf3 17. Rxf3 Qd7 18. Re5 Nc6 19. Rxd5 Nxd4 20. Rxd7
Nxb3 21. Ne4 Rbe8 22. Re3 Rxe4 23. Rxe4 Nc5 24. Ree7 Nxd7 25. Rxd7 Rb8 26. b4
Kf8 27. a5 Ke8 28. Rc7 Rd8 29. Kf1 Rd7 30. Rc5 Ke7 31. Ke2 1/2-1/2

[Event "Frankfurt Ch 2014"]
[Site "Ffm-Höchst, BiKuZ"]
[Date "2014.06.02"]
[Round "6.8"]
[White "Isserman, Ryhor"]
[Black "Gräbner, Walter"]
[Result "1-0"]
[WhiteElo "2270"]
[BlackElo "1952"]
[PlyCount "83"]
[EventDate "2014.??.??"]
[WhiteTeam "SK Bad Homburg 1927"]
[BlackTeam "SC 1961 König Nied"]

1. e4 c6 2. d4 d5 3. e5 c5 4. dxc5 e6 5. a3 Bxc5 6. b4 Be7 7. Bd3 Qc7 8. Nf3
Nc6 9. Bb2 Nh6 10. O-O Bd7 11. Qe2 O-O 12. Nbd2 f6 13. c4 fxe5 14. Nxe5 Nxe5
15. Bxe5 Bd6 16. Bxd6 Qxd6 17. Rad1 Rae8 18. h3 Kh8 19. Rfe1 Qf4 20. Qe3 Qf7
21. Nf3 Nf5 22. Bxf5 Qxf5 23. Qxa7 Ra8 24. Qe3 Ba4 25. Nd4 Qf6 26. Nxe6 Bxd1
27. Nxf8 Rxf8 28. Rxd1 dxc4 29. Qc5 b6 30. Qe3 Rc8 31. Rc1 b5 32. a4 Qf8 33.
axb5 Qxb4 34. Qe6 Qc5 35. b6 c3 36. b7 Rb8 37. Qb3 Qe7 38. Rxc3 Qe1+ 39. Kh2
Qe5+ 40. g3 h5 41. Rc8+ Kh7 42. Qg8+ 1-0

[Event "Frankfurt Ch 2014"]
[Site "Ffm-Höchst, BiKuZ"]
[Date "2014.06.02"]
[Round "6.9"]
[White "Meyer, Stefan"]
[Black "Zimmermann, Hendrik"]
[Result "1-0"]
[WhiteElo "2013"]
[BlackElo "2173"]
[PlyCount "65"]
[EventDate "2014.??.??"]
[WhiteTeam "SAbt TuS Dotzheim"]
[BlackTeam "SC 1961 König Nied"]

1. e4 c5 2. Nf3 d6 3. d3 Nc6 4. g3 g6 5. Bg2 Bg7 6. O-O e5 7. Nc3 Nge7 8. Nd2
O-O 9. Nc4 Be6 10. Nd5 b5 11. Nce3 Qd7 12. a4 b4 13. Nc4 Rae8 14. a5 f5 15. c3
Bf7 16. Qa4 bxc3 17. bxc3 Rd8 18. Bg5 Qe6 19. Rab1 h6 20. Bxe7 Nxe7 21. Rb7 Nc8
22. Rfb1 f4 23. Rc7 Be8 24. Qd1 Rf7 25. Rbb7 fxg3 26. hxg3 Rdd7 27. a6 Ne7 28.
Rxd7 Bxd7 29. Nxe7+ Qxe7 30. Rxa7 Qf6 31. Qd2 Bf8 32. Qb2 Qd8 33. Rb7 1-0

[Event "Frankfurt Ch 2014"]
[Site "Ffm-Höchst, BiKuZ"]
[Date "2014.06.02"]
[Round "6.10"]
[White "Chandler, Patrick"]
[Black "Lebermann, Hellmuth"]
[Result "1/2-1/2"]
[WhiteElo "2135"]
[BlackElo "1865"]
[PlyCount "140"]
[EventDate "2014.??.??"]
[WhiteTeam "Sfr. Schöneck"]
[BlackTeam "SK Bad Homburg 1927"]

1. d4 Nf6 2. Nf3 g6 3. b4 Bg7 4. Bb2 O-O 5. e3 d6 6. Nbd2 a5 7. b5 c5 8. Be2
Nbd7 9. c4 b6 10. O-O Bb7 11. Qc2 cxd4 12. exd4 Rc8 13. Qb3 Qc7 14. Rac1 e5 15.
Qc2 exd4 16. Nxd4 Nc5 17. Bf3 Rfe8 18. Bc6 Nfd7 19. N2b3 Bxc6 20. bxc6 Ne5 21.
Nxc5 bxc5 22. Nb5 Qe7 23. c7 Nc6 24. Bxg7 Kxg7 25. Qd2 Nd4 26. Rce1 Qd7 27.
Rxe8 Rxe8 28. Qxa5 Ne2+ 29. Kh1 Rc8 30. Qd2 Nd4 31. a4 Nxb5 32. axb5 Qxc7 33.
Rd1 Re8 34. h3 Rd8 35. Qd5 Qa5 36. f4 h5 37. f5 Qc3 38. fxg6 fxg6 39. Rf1 Kh6
40. Rd1 Qg3 41. b6 Qb3 42. b7 Rd7 43. h4 Qxb7 44. Qg8 Qe4 45. Qh8+ Rh7 46. Qf6
Rd7 47. Rxd6 Rf7 48. Qh8+ Rh7 49. Qf8+ Rg7 50. Qh8+ Rh7 51. Qd8 Re7 52. Qf8+
Kh7 53. Qf6 Qe1+ 54. Kh2 Qe5+ 55. Qxe5 Rxe5 56. Rd7+ Kg8 57. Rc7 Rf5 58. Kh3
Kf8 59. g4 Re5 60. Kg3 hxg4 61. Kf4 Rf5+ 62. Kxg4 Kg8 63. Rc6 Kg7 64. Rc7+ Kg8
65. Rd7 Kf8 66. Kg3 Kg8 67. Rd6 Kf7 68. Kg4 Kg7 69. Rd7+ Kf6 70. Rc7 Ke6
1/2-1/2

[Event "Frankfurt Ch 2014"]
[Site "Ffm-Höchst, BiKuZ"]
[Date "2014.06.02"]
[Round "6.11"]
[White "Kuhn, Gerhard"]
[Black "Kaulfuss, Helmut"]
[Result "1/2-1/2"]
[WhiteElo "1947"]
[BlackElo "2086"]
[PlyCount "56"]
[EventDate "2014.??.??"]
[WhiteTeam "SK Marburg 1931/72"]
[BlackTeam "SV 1920 Hofheim"]

1. e4 Nc6 2. Nf3 d6 3. d4 Nf6 4. Nc3 e6 5. Bd3 Be7 6. a3 a6 7. Bf4 Nxd4 8. Nxd4
e5 9. Be3 exd4 10. Bxd4 O-O 11. O-O Re8 12. Re1 Bg4 13. f3 Bd7 14. Nd5 Nxd5 15.
exd5 Bg5 16. Rxe8+ Qxe8 17. Qe2 Qxe2 18. Bxe2 Bf5 19. c3 Bc2 20. Kf2 Bb3 21. c4
Re8 22. Bd3 Bd2 23. g3 a5 24. Be2 f6 25. Bc3 Be3+ 26. Kf1 Kf7 27. Bd3 g6 28.
Bxa5 b6 1/2-1/2

[Event "Frankfurt Ch 2014"]
[Site "Ffm-Höchst, BiKuZ"]
[Date "2014.06.02"]
[Round "6.12"]
[White "Wagner, Dirk"]
[Black "Rüger, Erhard"]
[Result "1/2-1/2"]
[WhiteElo "1919"]
[BlackElo "2019"]
[PlyCount "87"]
[EventDate "2014.??.??"]
[WhiteTeam "SC Matt im Park Ffm"]
[BlackTeam "SC Brett vorm Kopp Ffm"]

1. d4 Nf6 2. c4 e6 3. Nc3 c5 4. d5 exd5 5. cxd5 d6 6. e4 g6 7. h3 Bg7 8. Bd3
O-O 9. Nf3 b5 10. Bxb5 Nxe4 11. Nxe4 Qa5+ 12. Nfd2 Qxb5 13. Nxd6 Qa6 14. N2c4
Nd7 15. O-O Ne5 16. Nxc8 Qxc4 17. Ne7+ Kh8 18. Be3 Nd3 19. Qb3 Qe4 20. Nc6 c4
21. Qb5 Bxb2 22. Rab1 Bg7 23. Rfd1 a6 24. Qa4 Qxd5 25. Nb4 Qd6 26. Nxd3 cxd3
27. Rb3 Rfd8 28. Qe4 f5 29. Rbxd3 Qc7 30. Rxd8+ Rxd8 31. Rxd8+ Qxd8 32. Qc4 a5
33. g3 h6 34. h4 Qd7 35. Qa6 Qd1+ 36. Kh2 Qd5 37. Qxg6 Qxa2 38. Qxf5 a4 39.
Qc8+ Kh7 40. Qf5+ Kh8 41. Qc8+ Kh7 42. Qf5+ Kg8 43. Qc8+ Kh7 44. Qf5+ 1/2-1/2

[Event "Frankfurt Ch 2014"]
[Site "Ffm-Höchst, BiKuZ"]
[Date "2014.06.02"]
[Round "6.13"]
[White "Schwenkreis, Thomas"]
[Black "Zimpfer, Andreas"]
[Result "1-0"]
[WhiteElo "2064"]
[BlackElo "1831"]
[PlyCount "53"]
[EventDate "2014.??.??"]
[WhiteTeam "SC Brett vorm Kopp Ffm"]
[BlackTeam "SC Butzbach 2000"]

1. e4 c5 2. Nf3 d6 3. g3 Nc6 4. Bg2 g6 5. O-O Bg7 6. c3 Nf6 7. Re1 O-O 8. d4
cxd4 9. cxd4 Bd7 10. h3 Rb8 11. Nc3 b5 12. e5 Ne8 13. Bf4 dxe5 14. dxe5 e6 15.
Ne4 Nb4 16. Nf6+ Bxf6 17. exf6 Rc8 18. Re2 Nd5 19. Bh6 Qxf6 20. Bxf8 Kxf8 21.
Ne5 Rd8 22. Ng4 Qg7 23. Bxd5 exd5 24. Qxd5 Bxg4 25. Qc5+ Kg8 26. hxg4 Nf6 27.
g5 1-0

[Event "Frankfurt Ch 2014"]
[Site "Ffm-Höchst, BiKuZ"]
[Date "2014.06.02"]
[Round "6.14"]
[White "Calvi, Stefan"]
[Black "Mosig, Rainer"]
[Result "1-0"]
[WhiteElo "2054"]
[BlackElo "1854"]
[PlyCount "83"]
[EventDate "2014.??.??"]
[WhiteTeam "SF Frankfurt 1921"]
[BlackTeam "SC 1979 Hattersheim"]

1. e4 e6 2. Nf3 Ne7 3. d3 c5 4. g3 Nbc6 5. Bg2 g6 6. Nbd2 Bg7 7. c3 d5 8. O-O
b6 9. Re1 a5 10. Nf1 h6 11. h4 Ra7 12. e5 O-O 13. N1h2 Kh7 14. Bf4 f6 15. exf6
Bxf6 16. Qd2 Bg7 17. Ng4 Nf5 18. Nge5 Nxe5 19. Nxe5 Bxe5 20. Bxe5 Raf7 21. Re2
Bb7 22. d4 Ba6 23. Ree1 Qd7 24. b3 Ne7 25. f4 Nf5 26. Qf2 Qe7 27. dxc5 bxc5 28.
Rad1 g5 29. hxg5 hxg5 30. Qf3 Nh6 31. Qh5 g4 32. c4 Rf5 33. Qh2 Qe8 34. cxd5
Rh5 35. Be4+ Nf5 36. Qf2 Rh3 37. dxe6 Qh5 38. Rd7+ Kg6 39. e7 Re8 40. Rd6+ Kf7
41. Rf6+ Kxe7 42. Qxc5+ 1-0

[Event "Frankfurt Ch 2014"]
[Site "Ffm-Höchst, BiKuZ"]
[Date "2014.06.02"]
[Round "6.15"]
[White "Cors, Heinz-Friedrich"]
[Black "Richter, Tobias"]
[Result "1/2-1/2"]
[WhiteElo "1811"]
[BlackElo "1975"]
[PlyCount "107"]
[EventDate "2014.??.??"]
[WhiteTeam "Schachforum Darmstadt 1994"]
[BlackTeam "SV Merseburg"]

1. e4 e6 2. d4 d5 3. e5 c5 4. c3 Nc6 5. Nf3 Qb6 6. a3 c4 7. Nbd2 f6 8. exf6
Nxf6 9. Be2 Bd6 10. Nf1 O-O 11. Ng3 Bd7 12. O-O Rae8 13. Qc2 e5 14. dxe5 Nxe5
15. Nxe5 Bxe5 16. Be3 Qc7 17. Rad1 Be6 18. Bf3 b6 19. Rfe1 Bf7 20. Qc1 Ne4 21.
Bxe4 dxe4 22. Qd2 Rd8 23. Qe2 Bg6 24. Bd4 Bf4 25. Qg4 Rde8 26. Be3 Bxe3 27.
Rxe3 Rf4 28. Qd7 Qxd7 29. Rxd7 Re5 30. f3 Rb5 31. Rd2 exf3 32. Rxf3 Rxf3 33.
gxf3 Bd3 34. Kf2 Re5 35. b4 Kf7 36. a4 a5 37. Rb2 axb4 38. Rxb4 Re6 39. Ne4 Ke7
40. Ke3 Kd7 41. Kd4 Rh6 42. Rb5 Kc6 43. Rb2 Rh5 44. Rg2 g6 45. Nf6 Rh4+ 46. Ke3
Bf5 47. Ng4 Kc5 48. Ne5 Rh5 49. Rb2 Be6 50. Rb5+ Kd6 51. f4 Rh3+ 52. Kd4 Rxh2
53. Rxb6+ Ke7 54. Nxc4 1/2-1/2

[Event "Frankfurt Ch 2014"]
[Site "Ffm-Höchst, BiKuZ"]
[Date "2014.06.02"]
[Round "6.16"]
[White "Biegel, Thomas"]
[Black "Reimer, Otto"]
[Result "1-0"]
[WhiteElo "1975"]
[BlackElo "1793"]
[PlyCount "75"]
[EventDate "2014.??.??"]
[WhiteTeam "SC Steinbach"]
[BlackTeam "SK Bad Homburg 1927"]

1. c4 Nf6 2. Nc3 g6 3. Nf3 Bg7 4. g3 O-O 5. Bg2 d6 6. d4 Nbd7 7. O-O c5 8. h3
cxd4 9. Nxd4 a6 10. b3 Rb8 11. a4 Qc7 12. Be3 Ne5 13. Qd2 Re8 14. Rac1 Bd7 15.
Bg5 Qc8 16. Kh2 h5 17. e4 Nh7 18. Be3 Nc6 19. Nde2 Qd8 20. f4 Na5 21. Qc2 Nc6
22. Rcd1 Nb4 23. Qd2 Bc6 24. f5 a5 25. fxg6 fxg6 26. Nd5 Nxd5 27. exd5 Bd7 28.
Be4 Rf8 29. Bxg6 Nf6 30. Bh6 Bxh3 31. Kxh3 Ng4 32. Bxg7 Rf2 33. Rxf2 Nxf2+ 34.
Kg2 Kxg7 35. Kxf2 Kxg6 36. Nf4+ Kh7 37. Qd3+ Kh8 38. Rh1 1-0

[Event "Frankfurt Ch 2014"]
[Site "Ffm-Höchst, BiKuZ"]
[Date "2014.06.02"]
[Round "6.17"]
[White "Roggensack, Hans Peter"]
[Black "Worzelberger, Armin"]
[Result "1-0"]
[WhiteElo "1955"]
[BlackElo "1766"]
[PlyCount "85"]
[EventDate "2014.??.??"]
[WhiteTeam "SF Frankfurt 1921"]
[BlackTeam "SC Grunbach"]

1. e4 c5 2. Nf3 Nc6 3. Bb5 Nd4 4. Nxd4 cxd4 5. O-O a6 6. Bc4 e6 7. c3 Qc7 8.
Bb3 Bd6 9. h3 Nf6 10. d3 e5 11. cxd4 b5 12. d5 Bc5 13. Be3 d6 14. Nc3 Qb6 15.
Bxc5 dxc5 16. a4 b4 17. a5 Qd6 18. Na4 Bd7 19. Nb6 O-O 20. Nxa8 Rxa8 21. Ba4
Rc8 22. Bxd7 Nxd7 23. b3 f5 24. Qe2 g6 25. Rfc1 Rf8 26. Rc4 f4 27. f3 Kg7 28.
Qf2 h6 29. Rac1 Rc8 30. Rxb4 Qc7 31. Ra4 Qb7 32. Qc2 Rb8 33. b4 cxb4 34. Qc7 b3
35. Qxb7 Rxb7 36. Rac4 b2 37. Rb1 Kf7 38. Kf2 Ke7 39. Rc2 Rb5 40. Rbxb2 Rxa5
41. Rb7 Rb5 42. Rxb5 axb5 43. Rc6 1-0

[Event "Frankfurt Ch 2014"]
[Site "Ffm-Höchst, BiKuZ"]
[Date "2014.06.02"]
[Round "6.20"]
[White "Krüger, Till"]
[Black "Schmitt, Roland"]
[Result "1-0"]
[WhiteElo "1803"]
[BlackElo "1907"]
[PlyCount "111"]
[EventDate "2014.??.??"]
[WhiteTeam "SC Nidderau"]
[BlackTeam "SK Großsachsen"]

1. e4 c5 2. Nf3 d6 3. Bb5+ Nd7 4. d4 cxd4 5. Qxd4 e5 6. Qd3 a6 7. Bxd7+ Bxd7 8.
Nc3 h6 9. O-O Nf6 10. Be3 Rc8 11. Rfd1 Qc7 12. Nd2 Be7 13. Rac1 O-O 14. h3 b5
15. a3 Rfd8 16. Qe2 Qb7 17. Qf3 Bc6 18. Qg3 Kh7 19. f3 b4 20. axb4 Qxb4 21. Nb3
Bd7 22. Ra1 Ra8 23. Qf2 Rdb8 24. Bd2 Qb7 25. Bc1 Be6 26. Na5 Qc7 27. Kh1 Rb4
28. Qe2 Nh5 29. Qe1 Rab8 30. b3 Qc8 31. Kh2 Qc7 32. Bd2 R4b6 33. Na4 Rb5 34. c4
Rxb3 35. Nxb3 Rxb3 36. Rdc1 Qd8 37. Qd1 Rb7 38. Ba5 Qf8 39. Nb6 f5 40. exf5
Bxf5 41. Nd5 Bg5 42. Bd2 Rb2 43. Bxg5 hxg5 44. f4 Kg6 45. Rxa6 Be4 46. f5+ Qxf5
47. Rxd6+ Nf6 48. Ne7+ Kf7 49. Nxf5 Rxg2+ 50. Kh1 Rf2+ 51. Kg1 Rxf5 52. Rxf6+
gxf6 53. Qh5+ Ke6 54. Qe8+ Kd6 55. Rd1+ Kc5 56. Qb5# 1-0

[Event "Frankfurt Ch 2014"]
[Site "Ffm-Höchst, BiKuZ"]
[Date "2014.06.02"]
[Round "6.21"]
[White "Hochmuth, Christian"]
[Black "Egenolf, Dirk"]
[Result "1/2-1/2"]
[WhiteElo "1770"]
[BlackElo "1906"]
[PlyCount "74"]
[EventDate "2014.??.??"]
[WhiteTeam "SG Wächtersbach/Sotzbach"]
[BlackTeam "SK Niederbrechen 1948"]

1. d4 Nf6 2. c4 g6 3. Nc3 Bg7 4. e4 d6 5. f3 Nbd7 6. Be3 c5 7. Nge2 a6 8. d5
Ne5 9. Nc1 O-O 10. Be2 Rb8 11. a4 Bd7 12. h3 Qa5 13. f4 Nxe4 14. fxe5 Nxc3 15.
Qd2 Bxe5 16. Na2 Bg3+ 17. Kf1 Qxa4 18. Qxc3 Be5 19. Qc1 b5 20. Nc3 Qb4 21. Rxa6
bxc4 22. Kf2 Qxb2 23. Qxb2 Rxb2 24. Rc1 Rb3 25. Bd2 Rb2 26. Ke1 Rfb8 27. Ra7
Bf5 28. Bxc4 Kg7 29. g4 Bc8 30. Nd1 R2b7 31. Rxb7 Rxb7 32. Ba6 Rb8 33. Bxc8
Rxc8 34. Rb1 Ra8 35. Rb7 Ra3 36. Nf2 Bg3 37. Ke2 Ra2 {Rest unleserlich!}
1/2-1/2

[Event "Frankfurt Ch 2014"]
[Site "Ffm-Höchst, BiKuZ"]
[Date "2014.06.02"]
[Round "6.22"]
[White "Djakow, Alexander"]
[Black "Blum, Ralph"]
[Result "0-1"]
[WhiteElo "1747"]
[BlackElo "1897"]
[PlyCount "58"]
[EventDate "2014.??.??"]
[WhiteTeam "vereinslos"]
[BlackTeam "SV 1934 Ffm-Griesheim"]

1. d4 e6 2. c4 f5 3. Nc3 Nf6 4. Bf4 d6 5. e3 Be7 6. Bd3 O-O 7. Nf3 Qe8 8. O-O
h6 9. h3 g5 10. Bh2 Qg6 11. Nd2 Nc6 12. Nb5 Bd8 13. Re1 a6 14. Nc3 e5 15. dxe5
dxe5 16. Nd5 Be6 17. Qb3 Rb8 18. Qc3 e4 19. Bxc7 Nxd5 20. cxd5 Bxc7 21. Bc4 Ba5
22. Qc2 b5 23. dxe6 bxc4 24. Qxc4 Bxd2 25. Red1 Na5 26. Qxa6 Ra8 27. Qe2 Bb4
28. a3 Be7 29. b4 Qxe6 0-1

[Event "Frankfurt Ch 2014"]
[Site "Ffm-Höchst, BiKuZ"]
[Date "2014.06.02"]
[Round "6.23"]
[White "Rutsatz, Mario"]
[Black "Rauscher, Joachim"]
[Result "1-0"]
[WhiteElo "1896"]
[BlackElo "1697"]
[PlyCount "103"]
[EventDate "2014.??.??"]
[WhiteTeam "SF Frankfurt 1921"]
[BlackTeam "SC Brett vorm Kopp Ffm"]

1. d4 d5 2. c4 e6 3. Nc3 Nf6 4. cxd5 exd5 5. Bg5 Be7 6. e3 O-O 7. Bd3 c6 8. Qc2
h6 9. Bh4 Nbd7 10. Nge2 Re8 11. O-O Nf8 12. f3 Be6 13. Rad1 N6d7 14. Bf2 Nf6
15. Kh1 Rc8 16. e4 c5 17. e5 N6d7 18. f4 Bg4 19. h3 cxd4 20. Bxd4 Bxe2 21. Qxe2
Bc5 22. Bxc5 Nxc5 23. Bb5 Qa5 24. Bxe8 Rxe8 25. Qb5 Qxb5 26. Nxb5 Ne4 27. Kg1
Rd8 28. Rfe1 Ng3 29. Nd6 Ne6 30. Re3 Nh5 31. g3 d4 32. Nxb7 dxe3 33. Nxd8 e2
34. Re1 Nxd8 35. Kf2 Ne6 36. Rxe2 g5 37. f5 Nd4 38. Rd2 Nc6 39. Rd5 Ng7 40. g4
Kf8 41. Ke3 h5 42. a3 hxg4 43. hxg4 Ne8 44. Rc5 Ne7 45. b4 f6 46. e6 Nd6 47. a4
Ke8 48. Rc1 Nd5+ 49. Kd4 Nxb4 50. Rh1 Nc2+ 51. Kd5 Nb7 52. Rh8+ 1-0

[Event "Frankfurt Ch 2014"]
[Site "Ffm-Höchst, BiKuZ"]
[Date "2014.06.02"]
[Round "6.24"]
[White "Rolf, Marco"]
[Black "Liebske, Reiner"]
[Result "1/2-1/2"]
[WhiteElo "1872"]
[BlackElo "1680"]
[PlyCount "56"]
[EventDate "2014.??.??"]
[WhiteTeam "SK Bad Homburg 1927"]
[BlackTeam "SV Frankfurt Nord 1926"]

1. d4 Nf6 2. c4 e6 3. Nc3 d5 4. cxd5 exd5 5. Bg5 Be6 6. Qb3 Nc6 7. e3 Rb8 8.
Nf3 Be7 9. Bb5 O-O 10. Qa4 Ne4 11. Nxe4 dxe4 12. Bxe7 Nxe7 13. Nd2 a6 14. Be2
f5 15. O-O Nd5 16. Qa3 Qd6 17. Qxd6 cxd6 18. Nc4 b5 19. Na5 f4 20. exf4 Nxf4
21. Rfe1 Rbc8 22. Bf1 Rc2 23. Rxe4 Bd5 24. Re7 Nh3+ 25. gxh3 Rfxf2 26. Rc1
Rxf1+ 27. Kxf1 Rxc1+ 28. Ke2 Rc2+ 1/2-1/2

[Event "Frankfurt Ch 2014"]
[Site "Ffm-Höchst, BiKuZ"]
[Date "2014.06.02"]
[Round "6.25"]
[White "Janke, Christian"]
[Black "Krischak, Werner"]
[Result "1/2-1/2"]
[WhiteElo "1949"]
[BlackElo "1609"]
[PlyCount "57"]
[EventDate "2014.??.??"]
[WhiteTeam "SV Spr.Siershahn"]
[BlackTeam "SK Marburg 1931/72"]

1. e4 c6 2. f4 d5 3. e5 Bf5 4. Nf3 e6 5. g3 Nh6 6. Bg2 Nd7 7. O-O Be7 8. h3 Qc7
9. d4 O-O-O 10. c3 Nb6 11. b4 Kb8 12. a4 Rhg8 13. Na3 Be4 14. g4 f5 15. g5 Nf7
16. h4 g6 17. Rf2 Rh8 18. Bf1 h6 19. a5 Na8 20. Raa2 a6 21. Be3 Qc8 22. Nb1
hxg5 23. hxg5 Rh5 24. Rh2 Rdh8 25. Nbd2 Nc7 26. Rxh5 Rxh5 27. Nh2 Qh8 28. Nxe4
dxe4 29. Bc4 1/2-1/2

[Event "Frankfurt Ch 2014"]
[Site "Ffm-Höchst, BiKuZ"]
[Date "2014.06.02"]
[Round "6.27"]
[White "Mühlbach, Christian"]
[Black "Hierling, Stefan"]
[Result "1-0"]
[WhiteElo "1683"]
[BlackElo "1926"]
[PlyCount "117"]
[EventDate "2014.??.??"]
[WhiteTeam "SK Langen"]
[BlackTeam "VSG 1880 Offenbach"]

1. c4 c5 2. Nc3 Nf6 3. g3 g6 4. Bg2 Bg7 5. Nf3 Nc6 6. O-O O-O 7. Re1 d6 8. d3
Rb8 9. Bd2 Bd7 10. Qc2 a6 11. Rad1 b5 12. b3 Ng4 13. Nd5 e6 14. Nf4 Nge5 15.
Nxe5 Bxe5 16. Bc3 Nd4 17. Qd2 Qf6 18. Rc1 b4 19. Ba1 a5 20. Nh3 Nf5 21. e3 Bxa1
22. Rxa1 a4 23. Nf4 Rb6 24. Ne2 e5 25. f4 exf4 26. Nxf4 Ra6 27. Nd5 Qg7 28.
Rab1 axb3 29. axb3 Kh8 30. g4 Nh4 31. g5 Qe5 32. e4 Bh3 33. Bh1 Ra3 34. Qf4
Qxf4 35. Nxf4 Bg4 36. Kf2 f6 37. Kg3 Nf3 38. Bxf3 Bxf3 39. Nxg6+ hxg6 40. Kxf3
fxg5+ 41. Kg3 Re8 42. Rb2 Kg7 43. Rf1 Re6 44. Kg4 Rf6 45. Rf3 Rxf3 46. Kxf3 Kf6
47. Kg4 Ke5 48. Kxg5 Kd4 49. Kxg6 Kc3 50. Rf2 Ra1 51. h4 Rh1 52. h5 Kxb3 53.
Rf6 Kc3 54. Rxd6 b3 55. h6 b2 56. Rb6 b1=Q 57. Rxb1 Rxb1 58. h7 Rh1 59. e5 1-0

[Event "Frankfurt Ch 2014"]
[Site "Ffm-Höchst, BiKuZ"]
[Date "2014.06.02"]
[Round "6.28"]
[White "Rondonuwu, Grover"]
[Black "Weiland, Thomas"]
[Result "1-0"]
[WhiteElo "1911"]
[BlackElo "1695"]
[PlyCount "75"]
[EventDate "2014.??.??"]
[WhiteTeam "Sabt Frankfurter TV 1860"]
[BlackTeam "SV Oberursel"]

1. d4 f5 2. g3 Nf6 3. Bg2 g6 4. Nh3 Bg7 5. Nf4 c6 6. h4 Na6 7. c4 e5 8. dxe5
Qa5+ 9. Bd2 Qxe5 10. Bc3 Qe7 11. Nd2 Nc7 12. Qb3 a5 13. O-O-O Ra6 14. Rhe1 O-O
15. e4 fxe4 16. Nxe4 Nxe4 17. Rxe4 Qf7 18. Bxg7 Qxg7 19. c5+ Kh8 20. Bf1 Ra8
21. Qe3 Ne6 22. Nxe6 dxe6 23. Bc4 a4 24. a3 Qf7 25. Rf4 Qg7 26. Rxf8+ Qxf8 27.
Qe5+ Kg8 28. Qc7 Qf7 29. Rd8+ Kg7 30. Qe5+ Kh6 31. f4 Qe7 32. Qg5+ Qxg5 33.
hxg5+ Kg7 34. Bxe6 Bxe6 35. Rxa8 Bb3 36. Ra7 Kg8 37. Rxb7 Bc4 38. Kd2 1-0

[Event "Frankfurt Ch 2014"]
[Site "Ffm-Höchst, BiKuZ"]
[Date "2014.06.02"]
[Round "6.29"]
[White "Knott, Tilo"]
[Black "Kropp, Volker"]
[Result "1/2-1/2"]
[WhiteElo "1571"]
[BlackElo "1892"]
[PlyCount "57"]
[EventDate "2014.??.??"]
[WhiteTeam "SC Brett vorm Kopp Ffm"]
[BlackTeam "SV Mainz-Mombach"]

1. d4 Nf6 2. Nc3 g6 3. Nf3 Bg7 4. e4 d6 5. Bd3 O-O 6. O-O Bg4 7. h3 Bxf3 8.
Qxf3 Nc6 9. Ne2 e5 10. d5 Nb4 11. Bg5 h6 12. Bd2 Nxd3 13. Qxd3 Nd7 14. b4 f5
15. f3 f4 16. c4 b6 17. a3 Bf6 18. Be1 Bh4 19. Qd2 a5 20. Bxh4 Qxh4 21. Qe1 Qh5
22. Kh2 g5 23. g4 Qg6 24. h4 Nf6 25. h5 Nxg4+ 26. fxg4 Qxe4 27. Nc3 Qxc4 28.
Qe4 Qxc3 29. Qg6+ 1/2-1/2

[Event "Frankfurt Ch 2014"]
[Site "Ffm-Höchst, BiKuZ"]
[Date "2014.06.02"]
[Round "6.30"]
[White "Heun, Andreas"]
[Black "Seifert, Norbert"]
[Result "0-1"]
[WhiteElo "1541"]
[BlackElo "1867"]
[PlyCount "78"]
[EventDate "2014.??.??"]
[WhiteTeam "SC Ladja Roßdorf"]
[BlackTeam "SF Neuberg"]

1. e4 e5 2. Nc3 Nc6 3. Bc4 Nf6 4. d3 h6 5. a3 Bc5 6. Be3 Bxe3 7. fxe3 d6 8. Qd2
a6 9. Nf3 O-O 10. O-O Qe7 11. Nd5 Nxd5 12. Bxd5 Be6 13. c4 Nd8 14. Bxe6 Nxe6
15. b4 Rae8 16. Qf2 f5 17. exf5 Rxf5 18. Qh4 Qf7 19. Qe4 c6 20. Nh4 Rxf1+ 21.
Rxf1 Qh5 22. Qf5 Qxf5 23. Nxf5 Rd8 24. g4 Rd7 25. h4 Kh7 26. Kg2 g6 27. Ng3 d5
28. Rf6 Ng7 29. c5 Re7 30. Kf3 Ne8 31. Rf8 Kg7 32. Nf5+ gxf5 33. Rxf5 Rf7 34.
e4 Rxf5+ 35. exf5 Kf6 36. Ke3 Ng7 37. d4 exd4+ 38. Kxd4 Nxf5+ 39. gxf5 Kxf5 0-1